banner-ar

Exploring music / (Record no. 66650)

MARC details
000 -الفاتح
حقل البيانات ثابتة الطول 00827cam a2200253 a 4500
005 - وقت وتاريخ اخر تعامل مع التسجيلة
رقم الضبط 20240530110931.0
008 - عناصر البيانات ثابتة الطول - معلومات عامة
حقل البيانات ثابتة الطول 911105s1993 iauacg b 001 0 eng
010 ## -
-- 91076901
020 ## - الرقم الدولى المعيارى للكتب
الرقم الدولى المعيارى للكتاب 0697125343
040 ## - مصدر الفهرسة
وكالة الفهرسة الأصلية DLC
وكالة النسخ DLC
082 00 - رقم تصنيف ديوى العشرى
رقم التصنيف 781.424
رقم الطبعة 21
رقم المادة H E
100 1# - المدخل الرئيسى - إسم شخصى
الإسم الشخصى Hickok, Robert.
245 10 - بيان العنوان
العنوان Exploring music /
بيان المسئوليه,etc Robert Hickok.
250 ## - بيان الطبعة
بيان الطبعة 5th ed.
260 ## - PUBLICATION, DISTRIBUTION, ETC. (IMPRINT)
تاريخ النشر أو التوزيع c1993.
300 ## - الوصف المادى
التعداد xvii, 563 p. :
تفاصيل ماديه اخرى للوعاء ill., ports., music ;
أبعاد الوعاء 25 cm.
504 ## - تبصرة ببليوجرافية
تبصرة ببليوجرافية,الخ Includes bibliographical references (p. 539-542) and index.
650 #0 - المدخل الاضافى بالموضوع-مصطلح موضوعى
مصطلح موضوعي Music appreciation.
942 ## - عناصر المدخل الإضافي( كوها)
مصدر التصنيف او مخطط الترفيف Dewey Decimal Classification
Koha [default] item type كتاب
260 ## - PUBLICATION, DISTRIBUTION, ETC. (IMPRINT)
-- Dubuque, Iowa :
-- Brown & Benchmark,
906 ## - عنصر بيانات محلى F, LDF (RLIN)
a 7
b cbc
c orignew
d 3
e opcn
f 19
g y-gencatlg
Holdings
حالة التراجع حالة الفقد مصدر التصنيف او خطة الترفيف حالة تلف ليس للاعارة المكان المؤقت الموقع الحالى تاريخ الاكتساب اجمالي اﻻعارات رقم الطلب الباركود تاريخ اخر مشاهدة تاريخ تفعيل السعر نوع وعاء كوها
    ddc     مكتبة القاهرة الكبرى مكتبة القاهرة الكبرى 09/01/2022   781.424 H E 168382 09/01/2022 09/01/2022 كتاب
    ddc     مكتبة القاهرة الكبرى مكتبة القاهرة الكبرى 09/01/2022   781.424 H E 168383 09/01/2022 09/01/2022 كتاب

Powered By

EGPV